00000000nam##2200000za#4500
0019.569953
003CaOODSP
00520210624182018
007cr |||||||||||
008150406|2002||||xxc|||||o    f|0| 0 eng|d
040 |aCaOODSP|beng
043 |an-cn---
0861 |aNH18-1-2/124-2002E-PDF
1102 |aCanada Mortgage and Housing Corporation.
24510|aEvaluation of optimal bath grab bar placement for seniors : |h[electronic resource]|bfinal report / |c[by] Heidi Sveistrup ... [et al.].
260 |aOttawa - Ontario : |bCanada Mortgage and Housing Corporation |cJune 2002.
300 |a79p.|bcoloured illus., graphs, tables, photographs
4901 |aResearch report
546 |a(Abrégé, résumé et sommaire en français.)
590 |a11-26-Supp|b2011-11-03
7201 |aSveistrup, Heidi
830#0|aResearch report (Canada Mortgage and Housing Corporation : Online)|w(CaOODSP)9.506068
85640|ahttp://publications.gc.ca|qPDF|s1.34 MB|uhttps://publications.gc.ca/collections/collection_2011/schl-cmhc/nh18-1-2/NH18-1-2-124-2002-eng.pdf